<?xml version="1.0" encoding="UTF-8"?>
<record
    xmlns:xsi="http://www.w3.org/2001/XMLSchema-instance"
    xsi:schemaLocation="http://www.loc.gov/MARC21/slim http://www.loc.gov/standards/marcxml/schema/MARC21slim.xsd"
    xmlns="http://www.loc.gov/MARC21/slim">

  <leader>01837nam a22002657a 4500</leader>
  <controlfield tag="008">170603s2017       cr||||| |||| 00| 0 spa d</controlfield>
  <datafield tag="020" ind1=" " ind2=" ">
    <subfield code="a">97899309588445</subfield>
  </datafield>
  <datafield tag="082" ind1="0" ind2="4">
    <subfield code="a">708</subfield>
    <subfield code="b">F643a</subfield>
  </datafield>
  <datafield tag="100" ind1="1" ind2=" ">
    <subfield code="a">Flores Sancho, Adri&#xE1;n.</subfield>
    <subfield code="9">5439</subfield>
  </datafield>
  <datafield tag="245" ind1="1" ind2="0">
    <subfield code="a">Ampliaci&#xF3;n del campo de batalla /</subfield>
    <subfield code="c">Adri&#xE1;n Flores Sancho ; Museo de Arte y Dise&#xF1;o Contempor&#xE1;neo (MADC).</subfield>
  </datafield>
  <datafield tag="250" ind1=" " ind2=" ">
    <subfield code="a">1a ed.</subfield>
  </datafield>
  <datafield tag="260" ind1=" " ind2=" ">
    <subfield code="a">San Jos&#xE9;, Costa Rica :</subfield>
    <subfield code="b">Museo de Arte y Dise&#xF1;o Contempor&#xE1;neo (MADC),</subfield>
    <subfield code="b">Ediciones 1390,</subfield>
    <subfield code="c">2017.</subfield>
  </datafield>
  <datafield tag="300" ind1=" " ind2=" ">
    <subfield code="a">143 p.</subfield>
  </datafield>
  <datafield tag="500" ind1=" " ind2=" ">
    <subfield code="a">Publicado como parte del proyecto "Ampliaci&#xF3;n del campo de batalla", el cual tuvo lugar en la Sala 4, videoteca y antiguos tanques de agua del Museo de Arte y Dise&#xF1;o Contempor&#xE1;neo (MADC), as&#xED; tambi&#xE9;n en Libros Duluoz, Librer&#xED;a Andante, en la web y diferentes lugares de San Jos&#xE9;.</subfield>
  </datafield>
  <datafield tag="505" ind1="0" ind2=" ">
    <subfield code="t">Champagne supernova</subfield>
    <subfield code="r">Adri&#xE1;n Flores Sancho.</subfield>
    <subfield code="t">El origen de todos los males</subfield>
    <subfield code="r">Daniel Soto Mor&#xFA;a y Adrian Flores Sancho.</subfield>
    <subfield code="t">Entre </subfield>
    <subfield code="r">Cristina Ram&#xED;rez.</subfield>
    <subfield code="t">Pron&#xF3;stico para un paisaje antes y despu&#xE9;s de un actor</subfield>
    <subfield code="r">Oscar G. Chac&#xF3;n.</subfield>
    <subfield code="t">Las part&#xED;culas elementales</subfield>
    <subfield code="r">Daniel Soto Mor&#xFA;a y Adri&#xE1;n Flores Sancho.</subfield>
    <subfield code="t">Del intercambio constante entre lo material y lo invisible</subfield>
    <subfield code="r">Lola Malavasi Lachner.</subfield>
    <subfield code="t">Uno </subfield>
    <subfield code="r">Fernando Chaves Espinach.</subfield>
    <subfield code="t">Transversal 18 - Diagonal 53</subfield>
    <subfield code="r">Diego van der Laat.</subfield>
    <subfield code="t">La estructura del multiverso</subfield>
    <subfield code="r">Daniel Soto Mor&#xFA;a y Adrian Flores Sancho.</subfield>
    <subfield code="t">Texto sin s&#xE9;neca</subfield>
    <subfield code="r">Jose Pablo Ure&#xF1;a.</subfield>
    <subfield code="t">Decepci&#xF3;n extra ampliada no repartimos champagne </subfield>
    <subfield code="r">Daniel Soto Mor&#xFA;a.</subfield>
  </datafield>
  <datafield tag="653" ind1="1" ind2="0">
    <subfield code="a">Arte contempor&#xE1;neo</subfield>
  </datafield>
  <datafield tag="653" ind1="1" ind2="0">
    <subfield code="a">Exhibiciones - Texto complementario</subfield>
  </datafield>
  <datafield tag="653" ind1="1" ind2="0">
    <subfield code="a">Exhibiciones - Ensayos</subfield>
  </datafield>
  <datafield tag="653" ind1="1" ind2="0">
    <subfield code="a">Arte - Costa Rica</subfield>
  </datafield>
  <datafield tag="653" ind1="1" ind2="0">
    <subfield code="a">Artistas costarricenses</subfield>
  </datafield>
  <datafield tag="653" ind1="1" ind2="0">
    <subfield code="a">Arte Latinoamericano</subfield>
  </datafield>
  <datafield tag="653" ind1="1" ind2="0">
    <subfield code="a">Instalaci&#xF3;n</subfield>
  </datafield>
  <datafield tag="653" ind1="1" ind2="0">
    <subfield code="a">Proyectos art&#xED;sticos</subfield>
  </datafield>
  <datafield tag="710" ind1="1" ind2=" ">
    <subfield code="a">Museo de Arte y Dise&#xF1;o Contempor&#xE1;neo (MADC).</subfield>
    <subfield code="9">5800</subfield>
  </datafield>
  <datafield tag="999" ind1=" " ind2=" ">
    <subfield code="c">1188</subfield>
    <subfield code="d">1188</subfield>
  </datafield>
  <datafield tag="952" ind1=" " ind2=" ">
    <subfield code="0">0</subfield>
    <subfield code="1">0</subfield>
    <subfield code="2">ddc</subfield>
    <subfield code="4">0</subfield>
    <subfield code="7">0</subfield>
    <subfield code="a">LV</subfield>
    <subfield code="b">LV</subfield>
    <subfield code="c">Monograf&#xED;as</subfield>
    <subfield code="d">2017-06-03</subfield>
    <subfield code="l">0</subfield>
    <subfield code="o">708 F643a</subfield>
    <subfield code="p">004386</subfield>
    <subfield code="r">2017-06-03 00:00:00</subfield>
    <subfield code="w">2017-06-03</subfield>
    <subfield code="y">01</subfield>
  </datafield>
</record>
